[Event "CHC_OR02"]
[Site "?"]
[Date "2007.??.??"]
[Round "?"]
[White "Skula, Jindrich"]
[Black "Dojcinovic, Miroslav"]
[Result "1-0"]
[WhiteElo "1800"]
[BlackElo "1605"]
[PlyCount "75"]
[EventDate "2007.??.??"]
[EventType "corr"]
[EventRounds "2"]
[SourceDate "2007.01.09"]

1. e4 e5 2. Nf3 Nc6 3. Bb5 a6 4. Bxc6 dxc6 5. O-O Nf6 6. Nxe5 Bc5 7. d3 Qe7 8.
Nf3 Bg4 9. Bg5 h6 10. Be3 O-O 11. h3 Bh5 12. Bxc5 Qxc5 13. Nbd2 Rad8 14. Qc1
Qe7 15. Nh4 Nd7 16. Nf5 Qf6 17. Ng3 Qh4 18. Qe1 b6 19. f4 Nf6 20. Nf5 Qxe1 21.
Ne7+ Kh8 22. Raxe1 c5 23. e5 Nd5 24. Nc6 Ra8 25. c4 Nb4 26. Nxb4 cxb4 27. g4
Bg6 28. f5 Bh7 29. d4 Rad8 30. Nf3 c6 31. Rd1 b5 32. d5 bxc4 33. dxc6 g6 34. e6
fxe6 35. Rxd8 Rxd8 36. Ne5 Rc8 37. f6 Bg8 38. Rd1 1-0

[Event "CHC_OR02"]
[Site "?"]
[Date "2007.??.??"]
[Round "?"]
[White "Skula, Jindrich"]
[Black "Struzka, Vlastimil"]
[Result "0-1"]
[WhiteElo "1800"]
[BlackElo "2080"]
[PlyCount "96"]
[EventDate "2007.??.??"]
[EventType "corr"]
[EventRounds "2"]
[SourceDate "2007.01.09"]

1. e4 e5 2. Nf3 Nc6 3. Bb5 a6 4. Bxc6 dxc6 5. O-O Bg4 6. h3 Bh5 7. g4 Bg6 8.
Nxe5 Qd6 9. d4 O-O-O 10. Be3 f6 11. Nxg6 hxg6 12. Qf3 Qe6 13. Nd2 Bd6 14. c4 c5
15. d5 Qe5 16. Rfb1 Qh2+ 17. Kf1 g5 18. Ke2 Qxh3 19. Rh1 Qxf3+ 20. Nxf3 Nh6 21.
e5 Bxe5 22. Nxe5 fxe5 23. Bxc5 Nxg4 24. Be7 Rde8 25. Rxh8 Rxh8 26. Rg1 Kd7 27.
Bxg5 Nf6 28. Be3 Rh7 29. Rg5 Kd6 30. b4 Ne4 31. Rg6+ Kd7 32. Kd3 Nf6 33. Rg5
e4+ 34. Kd4 c6 35. Bf4 cxd5 36. cxd5 Ke8 37. Re5+ Kd7 38. a4 Rh1 39. Kc5 Rf1
40. Rg5 Ne8 41. Be3 a5 42. Rg6 axb4 43. Rb6 Kc7 44. d6+ Kc8 45. d7+ Kxd7 46.
Rxb7+ Ke6 47. Rxb4 Ra1 48. Rxe4+ Kf7 0-1